[Event "Schools-U15-17Open"]
[Site "Tehran2016"]
[Date "2016.07.10"]
[Round "4.9"]
[White "Quizon, Daniel"]
[Black "Daghli, Arash"]
[Result "1/2-1/2"]
[BlackElo "2024"]
[WhiteElo "1583"]
[LiveChessVersion "1.4.8"]

1. e4 {[%clk 0:15:19]} c5 {[%clk 0:15:19]} 2. Nc3 {[%clk 0:15:16]} Nc6
{[%clk 0:15:28]} 3. g3 {[%clk 0:15:24]} g6 {[%clk 0:15:37]} 4. Bg2 Bg7 5. f4
{[%clk 0:15:43]} e6 {[%clk 0:15:51]} 6. Nf3 {[%clk 0:15:47]} Nge7
{[%clk 0:15:58]} 7. O-O {[%clk 0:15:56]} d6 {[%clk 0:16:00]} 8. d3
{[%clk 0:16:03]} O-O {[%clk 0:16:09]} 9. Be3 {[%clk 0:16:11]} Nd4
{[%clk 0:16:19]} 10. Rb1 {[%clk 0:16:02]} Rb8 {[%clk 0:16:09]} 11. Qd2
{[%clk 0:16:05]} b5 {[%clk 0:16:16]} 12. b4 {[%clk 0:16:08]} Nec6
{[%clk 0:14:12]} 13. bxc5 {[%clk 0:15:56]} dxc5 {[%clk 0:14:22]} 14. e5
{[%clk 0:15:37]} Nxf3+ {[%clk 0:13:24]} 15. Bxf3 {[%clk 0:15:17]} Nd4
{[%clk 0:13:31]} 16. Bg2 {[%clk 0:15:11]} Bb7 {[%clk 0:13:00]} 17. Bxb7
{[%clk 0:14:30]} Rxb7 {[%clk 0:13:08]} 18. Ne4 {[%clk 0:14:39]} Qd5
{[%clk 0:12:11]} 19. c3 {[%clk 0:14:25]} Nf5 {[%clk 0:10:54]} 20. Bxc5
{[%clk 0:14:32]} Rd8 {[%clk 0:10:29]} 21. Rfd1 {[%clk 0:14:35]} a6
{[%clk 0:09:56]} 22. Qe2 {[%clk 0:14:11]} h5 {[%clk 0:09:41]} 23. Bf2
{[%clk 0:14:05]} Qc6 {[%clk 0:09:17]} 24. Nc5 {[%clk 0:10:53]} Rbb8
{[%clk 0:09:27]} 25. Ne4 {[%clk 0:10:30]} Rd7 {[%clk 0:09:09]} 26. Rbc1
{[%clk 0:10:15]} Rbd8 {[%clk 0:09:06]} 27. h3 {[%clk 0:10:16]} Ne7
{[%clk 0:05:52]} 28. g4 {[%clk 0:10:24]} hxg4 {[%clk 0:05:10]} 29. hxg4
{[%clk 0:10:31]} Nd5 {[%clk 0:05:14]} 30. Qf3 {[%clk 0:10:38]} Qa8
{[%clk 0:03:26]} 31. Kg2 {[%clk 0:09:11]} f5 {[%clk 0:02:32]} 32. exf6
{[%clk 0:08:58]} Nxf6 {[%clk 0:02:41]} 33. Nxf6+ {[%clk 0:08:55]} Bxf6
{[%clk 0:02:51]} 34. Qxa8 Rxa8 35. Kf3 {[%clk 0:09:02]} Rc8 {[%clk 0:02:58]} 36.
Be1 {[%clk 0:07:54]} Rdc7 {[%clk 0:03:05]} 37. c4 {[%clk 0:07:41]} bxc4
{[%clk 0:02:53]} 38. dxc4 {[%clk 0:07:50]} Rxc4 {[%clk 0:03:02]} 39. Rxc4
{[%clk 0:08:00]} Rxc4 {[%clk 0:03:12]} 40. Rd6 {[%clk 0:08:09]} Ra4
{[%clk 0:03:22]} 41. Rxe6 {[%clk 0:08:13]} Kf7 {[%clk 0:03:31]} 42. Re2
{[%clk 0:08:23]} Be7 {[%clk 0:02:46]} 43. Bf2 {[%clk 0:07:03]} Bd6
{[%clk 0:02:13]} 44. Be3 {[%clk 0:06:25]} Kf6 {[%clk 0:01:52]} 45. Rd2
{[%clk 0:06:18]} Ke6 {[%clk 0:00:58]} 46. Rc2 {[%clk 0:05:22]} Ke7
{[%clk 0:00:48]} 47. Rd2 {[%clk 0:04:47]} Ke6 {[%clk 0:00:56]} 48. Rc2
{[%clk 0:03:58]} Ke7 {[%clk 0:01:04]} 49. Rb2 {[%clk 0:04:07]} Ra3
{[%clk 0:00:41]} 50. Rc2 {[%clk 0:03:47]} Ke6 {[%clk 0:00:40]} 51. Ke4
{[%clk 0:03:51]} Ra4+ {[%clk 0:00:50]} 52. Bd4 {[%clk 0:03:43]} Bxf4
{[%clk 0:00:26]} 53. Rc6+ {[%clk 0:03:51]} Bd6 {[%clk 0:00:35]} 54. Rc2
{[%clk 0:03:43]} Be5 {[%clk 0:00:35]} 55. Rc6+ {[%clk 0:03:52]} Kd7
{[%clk 0:00:20]} 56. Rxg6 {[%clk 0:03:54]} Bxd4 {[%clk 0:00:29]} 57. g5
{[%clk 0:04:04]} Ke7 {[%clk 0:00:32]} 58. Kd5 {[%clk 0:04:09]} Kf7
{[%clk 0:00:38]} 59. Rc6 {[%clk 0:04:17]} Bg7 {[%clk 0:00:24]} 60. g6+
{[%clk 0:04:27]} Ke7 {[%clk 0:00:32]} 61. Rc2 {[%clk 0:04:29]} Ra5+
{[%clk 0:00:16]} 62. Kc6 {[%clk 0:04:23]} Kf6 {[%clk 0:00:26]} 63. Kb7
{[%clk 0:04:22]} Kxg6 {[%clk 0:00:18]} 64. Rc6+ {[%clk 0:04:32]} Kf5
{[%clk 0:00:27]} 65. Rxa6 {[%clk 0:04:41]} Rb5+ {[%clk 0:00:37]} 66. Kc6
{[%clk 0:04:49]} Rb1 {[%clk 0:00:43]} 67. a4 {[%clk 0:04:55]} Be5
{[%clk 0:00:52]} 68. Ra5 {[%clk 0:04:48]} Ke6 {[%clk 0:00:55]} 69. Rb5
{[%clk 0:04:55]} Rc1+ {[%clk 0:01:04]} 70. Kb7 {[%clk 0:05:04]} Bd6
{[%clk 0:00:53]} 71. a5 {[%clk 0:05:01]} Kd7 {[%clk 0:00:57]} 72. a6
{[%clk 0:05:08]} Rc7+ {[%clk 0:00:58]} 73. Kb6 {[%clk 0:05:13]} Bg3
{[%clk 0:00:48]} 74. Rb2 {[%clk 0:04:54]} Bd6 {[%clk 0:00:14]} 75. Rb5
{[%clk 0:04:56]} Bf4 {[%clk 0:00:14]} 76. Rb3 {[%clk 0:05:05]} Bd6
{[%clk 0:00:23]} 77. Rb5 {[%clk 0:05:03]} Bf4 {[%clk 0:00:17]} 78. Rb3
{[%clk 0:05:12]} Bd6 {[%clk 0:00:25]} 79. Rb5 {[%clk 0:05:21]} 1/2-1/2

[Event "Schools-U15-17Open"]
[Site "Tehran2016"]
[Date "2016.07.10"]
[Round "4.10"]
[White "Saberi, Mahan"]
[Black "Mohammadi, Pouya"]
[Result "1-0"]
[BlackElo "1920"]
[WhiteElo "1971"]
[LiveChessVersion "1.4.8"]

1. e4 {[%clk 0:15:17]} c5 {[%clk 0:15:19]} 2. Nf3 {[%clk 0:15:25]} d6
{[%clk 0:15:28]} 3. d4 {[%clk 0:15:34]} cxd4 {[%clk 0:15:37]} 4. Nxd4
{[%clk 0:15:43]} Nf6 {[%clk 0:15:46]} 5. Nc3 {[%clk 0:15:52]} g6 {[%clk 0:15:55]}
6. Be3 {[%clk 0:15:59]} Bg7 {[%clk 0:16:04]} 7. f3 {[%clk 0:16:08]} O-O
{[%clk 0:16:12]} 8. Qd2 {[%clk 0:16:11]} Nc6 {[%clk 0:16:18]} 9. O-O-O
{[%clk 0:16:14]} d5 {[%clk 0:16:24]} 10. Kb1 {[%clk 0:16:23]} dxe4
{[%clk 0:15:46]} 11. Nxc6 {[%clk 0:16:29]} Qxd2 {[%clk 0:15:42]} 12. Nxe7+
{[%clk 0:16:38]} Kh8 {[%clk 0:15:50]} 13. Rxd2 {[%clk 0:16:41]} exf3
{[%clk 0:15:36]} 14. gxf3 {[%clk 0:16:50]} Be6 {[%clk 0:15:07]} 15. Ned5
{[%clk 0:16:20]} Rad8 {[%clk 0:14:14]} 16. Nxf6 {[%clk 0:16:20]} Rxd2
{[%clk 0:13:26]} 17. Bxd2 {[%clk 0:16:29]} Bxf6 {[%clk 0:13:34]} 18. Ne4
{[%clk 0:16:38]} Be5 {[%clk 0:13:31]} 19. Bc3 {[%clk 0:16:45]} Bxc3
{[%clk 0:13:17]} 20. Nxc3 {[%clk 0:16:53]} b6 {[%clk 0:13:20]} 21. Bd3
{[%clk 0:16:55]} Kg7 {[%clk 0:13:18]} 22. Kc1 {[%clk 0:16:57]} Kf6
{[%clk 0:13:22]} 23. Kd2 {[%clk 0:17:07]} Kg5 {[%clk 0:13:27]} 24. Ke3
{[%clk 0:16:34]} Bh3 {[%clk 0:13:21]} 25. Rg1+ {[%clk 0:16:34]} Kf6
{[%clk 0:13:24]} 26. Ne4+ {[%clk 0:16:42]} Ke5 {[%clk 0:13:26]} 27. f4+
{[%clk 0:16:38]} Kd5 {[%clk 0:13:28]} 28. Ng5 {[%clk 0:16:32]} Bd7
{[%clk 0:13:19]} 29. Nxh7 {[%clk 0:16:37]} Kd6 {[%clk 0:13:17]} 30. Nxf8
{[%clk 0:16:44]} 1-0

[Event "Schools-U15-17Open"]
[Site "Tehran2016"]
[Date "2016.07.10"]
[Round "4.11"]
[White "Thaer, Abu Alhaija"]
[Black "Nurmamedov, Azat"]
[Result "0-1"]
[BlackElo "1691"]
[WhiteElo "1621"]
[LiveChessVersion "1.4.8"]

1. e4 c5 2. Nf3 d6 3. Bb5+ Bd7 4. Bxd7+ Qxd7 5. O-O Nc6 6. Nc3 Nf6 7. d3 g6 8. h3
Bg7 9. Be3 O-O 10. Qd2 Rfe8 11. Bh6 Bh8 12. Rfe1 e5 13. a3 d5 14. exd5 Nxd5 15.
Rad1 Nxc3 16. bxc3 Rad8 17. Qc1 b6 18. Bg5 f6 19. Be3 f5 20. Qb2 Bf6 21. Qa2+ Qf7
22. Qxf7+ Kxf7 23. Bg5 e4 24. Bxf6 Kxf6 25. dxe4 Rxe4 26. Kf1 Rxe1+ 27. Kxe1
Rxd1+ 28. Kxd1 Ne5 29. Nd2 g5 30. Ke2 Ke6 31. c4 Nc6 32. c3 h6 33. Ke3 Ne5 34. g3
g4 35. h4 h5 36. Ke2 f4 37. Ke1 Kf5 38. Ke2 Nd7 39. Nb1 Nf6 40. Nd2 Ne4 41. Nf1
Nxc3+ 42. Kd3 Ne4 43. Ke2 f3+ 44. Ke3 Ke5 45. Nh2 Nc3 46. Kd2 Kd4 47. Nf1 Ne4+
48. Ke1 Kxc4 49. Ne3+ Kb3 50. Nd1 c4 51. Ne3 c3 52. a4 c2 53. Nxc2 Kxc2 54. Kf1
a6 55. Ke1 b5 56. axb5 axb5 57. Kf1 b4 58. Ke1 b3 59. Kf1 b2 60. Kg1 Kd2 61. Kh1
Nxf2+ 62. Kg1 Nh3+ 63. Kh2 Kd3 64. Kh1 b1=Q+ 65. Kh2 Qg1# 0-1

[Event "Schools-U15-17Open"]
[Site "Tehran2016"]
[Date "2016.07.10"]
[Round "4.12"]
[White "Nazari, Arad"]
[Black "Ramezani, Mahan"]
[Result "0-1"]
[BlackElo "1862"]
[WhiteElo "1889"]
[LiveChessVersion "1.4.8"]

1. d4 Nf6 2. c4 e6 3. g3 d5 4. Bg2 b6 5. Nc3 Bb7 6. e3 Nbd7 7. Nge2 Be7 8. O-O
O-O 9. Qc2 c5 10. Rd1 cxd4 11. Rxd4 Qc7 12. cxd5 Nxd5 13. Qd1 N7f6 14. Nxd5 Nxd5
15. e4 Nf6 16. Bg5 Rad8 17. Rc1 Qb8 18. Qc2 h6 19. Rxd8 Rxd8 20. Bxf6 Bxf6 21. f4
Be7 22. Rd1 Bc5+ 23. Kh1 Rd6 24. a3 Qd8 25. Rxd6 Qxd6 26. Nc3 Qd4 27. Qd1 Qe3 28.
Qf1 Bc6 29. Nd1 Qd4 30. b4 Be7 31. Qe2 a5 32. bxa5 bxa5 33. Bf3 Bxa3 34. Kg2 Bc5
35. e5 0-1

[Event "Schools-U15-17Open"]
[Site "Tehran2016"]
[Date "2016.07.10"]
[Round "5.1"]
[White "Molaei, Mohammadamin"]
[Black "Kashefi, Amir Hosein"]
[Result "1-0"]
[BlackElo "1962"]
[WhiteElo "2151"]
[LiveChessVersion "1.4.8"]

1. d4 e6 2. c4 b6 3. Nf3 Bb7 4. g3 f5 5. Bg2 Nf6 6. O-O Be7 7. Nc3 O-O 8. d5 Na6
9. Nd4 Qc8 10. a3 Nc5 11. b4 Nce4 12. Nxe4 Nxe4 13. Bb2 exd5 14. cxd5 Bxd5 15.
Nxf5 Rxf5 16. g4 Rg5 17. f4 Qb7 18. fxg5 Bxg5 19. Qd3 Re8 20. Rf5 c6 21. Bxe4
Bxe4 22. Rxg5 d5 23. Qd4 Re7 24. Re5 c5 25. Rxe7 Qxe7 26. Qe5 Qd7 27. Qb8+ Kf7
28. Rf1+ Kg6 29. Qg3 d4 30. h4 h6 31. h5+ Kh7 32. g5 hxg5 33. Bc1 d3 34. exd3
Bxd3 35. Rd1 c4 36. Bxg5 Qd5 37. Re1 a5 38. h6 gxh6 39. Re7+ Kg6 40. Bd2+ Kf6 41.
Qg7+ Kf5 42. Rf7+ Ke4 43. Rf4# 1-0

[Event "Schools-U15-17Open"]
[Site "Tehran2016"]
[Date "2016.07.10"]
[Round "5.2"]
[White "Akhgari, Reza"]
[Black "Tahbaz, Arash"]
[Result "0-1"]
[BlackElo "2138"]
[WhiteElo "1939"]
[LiveChessVersion "1.4.8"]

1. d4 {[%clk 0:15:10]} Nf6 {[%clk 0:15:10]} 2. c4 {[%clk 0:15:10]} g6
{[%clk 0:15:17]} 3. Nc3 {[%clk 0:15:19]} Bg7 {[%clk 0:15:26]} 4. e4
{[%clk 0:15:26]} d6 {[%clk 0:15:36]} 5. f3 {[%clk 0:15:30]} O-O {[%clk 0:15:43]}
6. Be3 {[%clk 0:15:39]} Nc6 {[%clk 0:15:44]} 7. Qd2 {[%clk 0:15:24]} a6
{[%clk 0:15:53]} 8. Nge2 {[%clk 0:15:27]} Na5 {[%clk 0:16:03]} 9. Nc1
{[%clk 0:15:14]} Nd7 {[%clk 0:16:11]} 10. Be2 {[%clk 0:15:11]} c5
{[%clk 0:16:04]} 11. d5 {[%clk 0:15:12]} Ne5 {[%clk 0:16:05]} 12. b3
{[%clk 0:14:39]} Rb8 {[%clk 0:15:01]} 13. Rb1 {[%clk 0:13:41]} Bd7
{[%clk 0:12:56]} 14. O-O {[%clk 0:12:50]} b5 {[%clk 0:13:02]} 15. f4
{[%clk 0:12:45]} Ng4 {[%clk 0:12:48]} 16. Bxg4 {[%clk 0:12:43]} Bxg4
{[%clk 0:12:57]} 17. cxb5 {[%clk 0:12:33]} Bc8 {[%clk 0:07:15]} 18. b6
{[%clk 0:08:59]} Rxb6 {[%clk 0:06:38]} 19. Nd3 {[%clk 0:08:57]} Bd7
{[%clk 0:06:21]} 20. Nb2 {[%clk 0:06:17]} Rb4 {[%clk 0:05:37]} 21. e5
{[%clk 0:05:53]} dxe5 {[%clk 0:05:18]} 22. Bxc5 {[%clk 0:05:42]} Rxf4
{[%clk 0:05:24]} 23. Rxf4 {[%clk 0:05:44]} exf4 24. Nd3 {[%clk 0:05:04]} Nb7
{[%clk 0:05:36]} 25. Bf2 {[%clk 0:05:11]} Bf5 {[%clk 0:05:39]} 26. Re1
{[%clk 0:05:06]} Qa5 {[%clk 0:05:16]} 27. b4 {[%clk 0:04:59]} Qa3
{[%clk 0:05:23]} 28. Ne5 {[%clk 0:04:27]} Qxb4 {[%clk 0:05:22]} 29. Bd4
{[%clk 0:04:01]} Rc8 {[%clk 0:05:11]} 30. Kh1 {[%clk 0:04:00]} Na5
{[%clk 0:04:44]} 31. Rf1 {[%clk 0:02:22]} Nc4 {[%clk 0:04:47]} 32. Nxc4
{[%clk 0:02:27]} Qxc4 {[%clk 0:04:56]} 0-1

[Event "Schools-U15-17Open"]
[Site "Tehran2016"]
[Date "2016.07.10"]
[Round "5.3"]
[White "Safiri, Ali"]
[Black "Sheykhali, Mohammadreza"]
[Result "0-1"]
[BlackElo "2092"]
[WhiteElo "1972"]
[LiveChessVersion "1.4.8"]

1. e4 b6 2. d4 Bb7 3. Bd3 e6 4. Nf3 d6 5. O-O Nd7 6. Be3 Ngf6 7. Nbd2 Be7 8. c3
O-O 9. Qe2 c5 10. Rfe1 Re8 11. b4 cxb4 12. cxb4 d5 13. e5 Ne4 14. a3 a5 15. b5
Rc8 16. Bf4 f5 17. exf6 Ndxf6 18. Ne5 Rc3 19. a4 Qd6 20. f3 Nxd2 21. Ng6 Nxf3+
22. Qxf3 Qb4 23. Nxe7+ Rxe7 24. Be5 Ne4 25. Rf1 Rd7 26. Qg4 Qe7 27. Bxe4 dxe4 28.
d5 Rc2 29. dxe6 Rdd2 30. Rf7 Rxg2+ 31. Qxg2 Rxg2+ 32. Kxg2 Qg5+ 33. Bg3 Bd5 34.
Rd1 Bxe6 35. Rb7 h5 36. h4 Qf6 37. Kh2 Bg4 38. Re1 Bf3 39. Rb8+ Kh7 40. Rc8 Qb2+
0-1

[Event "Schools-U15-17Open"]
[Site "Tehran2016"]
[Date "2016.07.10"]
[Round "5.4"]
[White "Omidi, Arya"]
[Black "Gurbanov, Orazmuhammet"]
[Result "1-0"]
[BlackElo "1429"]
[WhiteElo "2049"]
[LiveChessVersion "1.4.8"]

1. e4 {[%clk 0:15:19]} c5 {[%clk 0:15:20]} 2. Nf3 Nc6 3. Bb5 {[%clk 0:15:37]} e6
{[%clk 0:15:29]} 4. O-O {[%clk 0:15:45]} Nge7 {[%clk 0:15:39]} 5. Re1
{[%clk 0:15:49]} Ng6 {[%clk 0:15:41]} 6. c3 {[%clk 0:15:53]} Be7 {[%clk 0:15:37]}
7. d4 {[%clk 0:16:02]} cxd4 {[%clk 0:15:45]} 8. cxd4 {[%clk 0:16:11]} a6
{[%clk 0:15:37]} 9. Bf1 {[%clk 0:16:14]} d5 {[%clk 0:15:35]} 10. exd5
{[%clk 0:16:17]} exd5 {[%clk 0:15:20]} 11. Nc3 {[%clk 0:16:26]} O-O
{[%clk 0:15:26]} 12. a3 {[%clk 0:15:57]} Bg4 {[%clk 0:15:00]} 13. Be2
{[%clk 0:16:06]} Bf6 {[%clk 0:14:55]} 14. Be3 {[%clk 0:16:15]} Re8
{[%clk 0:14:48]} 15. h3 {[%clk 0:16:22]} Be6 {[%clk 0:13:29]} 16. Na4
{[%clk 0:16:29]} b6 {[%clk 0:11:44]} 17. Rc1 {[%clk 0:15:48]} Na5
{[%clk 0:11:45]} 18. b4 {[%clk 0:15:39]} Nc4 {[%clk 0:10:35]} 19. Bxc4
{[%clk 0:15:44]} dxc4 {[%clk 0:10:44]} 20. d5 {[%clk 0:15:39]} Bxd5
{[%clk 0:09:53]} 21. Nxb6 {[%clk 0:15:31]} Bxf3 {[%clk 0:07:31]} 22. Qxf3
{[%clk 0:15:36]} Rb8 {[%clk 0:05:32]} 23. Nxc4 {[%clk 0:15:42]} Qd3
{[%clk 0:05:24]} 24. Qd1 {[%clk 0:15:20]} Red8 {[%clk 0:05:13]} 25. Qxd3
{[%clk 0:15:27]} Rxd3 {[%clk 0:05:22]} 26. Kf1 {[%clk 0:15:05]} Rc8
{[%clk 0:05:09]} 27. Ke2 {[%clk 0:14:48]} Rc3 {[%clk 0:05:15]} 28. Rxc3
{[%clk 0:11:39]} Bxc3 {[%clk 0:05:23]} 29. Rd1 {[%clk 0:11:43]} h6
{[%clk 0:03:49]} 30. Nb6 {[%clk 0:11:08]} Rc6 {[%clk 0:03:33]} 31. Rc1
{[%clk 0:11:05]} Ne7 {[%clk 0:03:07]} 32. Na4 {[%clk 0:10:36]} Be5
{[%clk 0:03:08]} 33. Rxc6 {[%clk 0:10:32]} Nxc6 {[%clk 0:03:17]} 34. Nc5
{[%clk 0:10:41]} Bb2 {[%clk 0:03:11]} 35. Nxa6 {[%clk 0:10:28]} Bxa3
{[%clk 0:03:19]} 36. b5 {[%clk 0:10:36]} Na5 {[%clk 0:03:22]} 37. Bc5
{[%clk 0:10:29]} Bb2 {[%clk 0:03:25]} 38. Bb4 {[%clk 0:10:37]} Nb7
{[%clk 0:03:34]} 39. Nc5 {[%clk 0:10:45]} Nd8 {[%clk 0:03:38]} 40. b6
{[%clk 0:10:45]} Nc6 {[%clk 0:03:47]} 41. Na6 {[%clk 0:09:46]} Be5
{[%clk 0:03:46]} 42. b7 {[%clk 0:09:40]} f6 {[%clk 0:03:46]} 43. Bc5
{[%clk 0:08:24]} Kf7 {[%clk 0:03:51]} 44. Bb6 {[%clk 0:08:33]} Nb8
{[%clk 0:03:57]} 45. Nxb8 {[%clk 0:08:20]} Bxb8 {[%clk 0:04:06]} 46. Kf3
{[%clk 0:08:16]} Ke6 {[%clk 0:04:14]} 47. Be3 {[%clk 0:07:32]} g5
{[%clk 0:04:07]} 48. Kg4 {[%clk 0:07:26]} Kf7 {[%clk 0:04:08]} 49. Kf5
{[%clk 0:07:25]} h5 {[%clk 0:04:15]} 50. Bd4 {[%clk 0:07:32]} g4 {[%clk 0:04:20]}
51. Bxf6 {[%clk 0:07:35]} 1-0

[Event "Schools-U15-17Open"]
[Site "Tehran2016"]
[Date "2016.07.10"]
[Round "5.5"]
[White "Myradow, Soltan"]
[Black "Hakemi, Arman"]
[Result "1-0"]
[BlackElo "1964"]
[WhiteElo "1854"]
[LiveChessVersion "1.4.8"]

1. d4 {[%clk 0:15:19]} d5 {[%clk 0:15:27]} 2. c4 {[%clk 0:15:27]} c6
{[%clk 0:15:35]} 3. Nc3 {[%clk 0:15:35]} Nf6 {[%clk 0:15:43]} 4. Nf3
{[%clk 0:15:45]} a6 {[%clk 0:15:52]} 5. a4 {[%clk 0:15:42]} e6 {[%clk 0:15:47]}
6. Bg5 {[%clk 0:15:44]} Be7 {[%clk 0:15:47]} 7. e3 {[%clk 0:15:51]} O-O
{[%clk 0:15:51]} 8. Qc2 {[%clk 0:15:50]} Nbd7 {[%clk 0:15:39]} 9. cxd5
{[%clk 0:15:58]} cxd5 {[%clk 0:15:20]} 10. Bd3 {[%clk 0:16:06]} h6
{[%clk 0:15:26]} 11. Bf4 {[%clk 0:15:50]} b6 {[%clk 0:15:25]} 12. O-O
{[%clk 0:15:51]} Bb7 {[%clk 0:15:34]} 13. h3 {[%clk 0:15:53]} Rc8
{[%clk 0:15:40]} 14. Qe2 {[%clk 0:16:02]} Bb4 {[%clk 0:15:05]} 15. Na2
{[%clk 0:14:59]} Be7 {[%clk 0:13:27]} 16. Bxa6 {[%clk 0:14:56]} Bxa6
{[%clk 0:13:35]} 17. Qxa6 {[%clk 0:15:04]} Rc2 {[%clk 0:12:48]} 18. Qd3
{[%clk 0:13:35]} Rxb2 {[%clk 0:11:47]} 19. Qc3 {[%clk 0:13:36]} Re2
{[%clk 0:11:40]} 20. Nc1 {[%clk 0:13:30]} Ne4 {[%clk 0:11:46]} 21. Qb3
{[%clk 0:13:40]} Rd2 {[%clk 0:10:56]} 22. Re1 {[%clk 0:13:29]} Rxf2
{[%clk 0:09:16]} 23. Nd3 {[%clk 0:13:15]} Rxf3 {[%clk 0:07:27]} 24. gxf3
{[%clk 0:13:21]} Nd2 {[%clk 0:07:33]} 25. Qd1 {[%clk 0:13:25]} Nc4
{[%clk 0:07:42]} 26. Re2 {[%clk 0:13:22]} Bg5 {[%clk 0:07:27]} 27. Kh1
{[%clk 0:12:44]} Bxf4 {[%clk 0:07:21]} 28. Nxf4 {[%clk 0:12:51]} Qf6
{[%clk 0:07:25]} 29. Qg1 {[%clk 0:12:25]} Kh8 {[%clk 0:07:17]} 30. Qg3
{[%clk 0:11:55]} g5 {[%clk 0:06:17]} 31. Nd3 {[%clk 0:11:34]} Rg8
{[%clk 0:06:04]} 32. Rg1 {[%clk 0:11:12]} Ra8 {[%clk 0:04:12]} 33. f4
{[%clk 0:08:33]} Rxa4 {[%clk 0:02:41]} 34. fxg5 {[%clk 0:07:48]} hxg5
{[%clk 0:02:49]} 35. Rf2 {[%clk 0:07:10]} Qg6 {[%clk 0:02:43]} 36. Qc7
{[%clk 0:06:54]} Nf6 {[%clk 0:01:40]} 37. Qd8+ {[%clk 0:05:35]} Kg7
{[%clk 0:01:41]} 38. Rxf6 {[%clk 0:05:29]} Qe4+ {[%clk 0:01:26]} 39. Kh2
{[%clk 0:05:35]} Ra2+ {[%clk 0:01:34]} 40. Rf2 {[%clk 0:05:20]} Rxf2+
{[%clk 0:00:14]} 41. Nxf2 {[%clk 0:05:28]} 1-0

[Event "Schools-U15-17Open"]
[Site "Tehran2016"]
[Date "2016.07.10"]
[Round "5.6"]
[White "Fendereski, Nima"]
[Black "Mohammadi, Mohammad Mehdi"]
[Result "1-0"]
[BlackElo "1869"]
[WhiteElo "2096"]
[LiveChessVersion "1.4.8"]

1. e4 {[%clk 0:15:18]} e5 {[%clk 0:15:18]} 2. Nf3 {[%clk 0:15:26]} d6
{[%clk 0:15:13]} 3. d4 {[%clk 0:15:34]} exd4 {[%clk 0:15:21]} 4. Qxd4
{[%clk 0:15:27]} Nc6 {[%clk 0:15:28]} 5. Bb5 {[%clk 0:15:36]} Nge7
{[%clk 0:07:44]} 6. Bg5 {[%clk 0:14:22]} Bd7 {[%clk 0:07:04]} 7. Qc3
{[%clk 0:13:52]} f6 {[%clk 0:06:02]} 8. Be3 {[%clk 0:12:46]} Ne5 {[%clk 0:03:49]}
9. Bxd7+ {[%clk 0:12:31]} Qxd7 {[%clk 0:03:57]} 10. Nbd2 {[%clk 0:12:15]} N7c6
{[%clk 0:03:42]} 11. O-O-O {[%clk 0:11:34]} g6 {[%clk 0:03:41]} 12. Nd4
{[%clk 0:10:53]} Bg7 {[%clk 0:01:49]} 13. f4 Ng4 {[%clk 0:01:50]} 14. N2f3
{[%clk 0:06:04]} Nxe3 {[%clk 0:01:44]} 15. Qxe3 {[%clk 0:06:13]} Nxd4
{[%clk 0:01:15]} 16. Nxd4 {[%clk 0:06:21]} c5 {[%clk 0:00:37]} 17. Ne2
{[%clk 0:05:57]} Qe6 {[%clk 0:00:33]} 18. Qb3 {[%clk 0:05:13]} Qxb3
{[%clk 0:00:39]} 19. axb3 {[%clk 0:05:22]} O-O-O {[%clk 0:00:47]} 20. Rd5
{[%clk 0:04:47]} Rhe8 {[%clk 0:00:47]} 21. Ng3 {[%clk 0:04:55]} Bh6
{[%clk 0:00:51]} 22. Rf1 {[%clk 0:05:03]} Re5 {[%clk 0:00:56]} 23. Rd3
{[%clk 0:04:25]} Re7 {[%clk 0:00:19]} 24. Kd1 {[%clk 0:04:32]} Kc7
{[%clk 0:00:27]} 25. h4 {[%clk 0:04:02]} Kc6 {[%clk 0:00:27]} 26. c4
{[%clk 0:04:02]} Rde8 {[%clk 0:00:27]} 27. f5 {[%clk 0:03:56]} Bg7
{[%clk 0:00:21]} 28. Ke2 {[%clk 0:03:49]} Re5 {[%clk 0:00:27]} 29. Rfd1
{[%clk 0:02:40]} Bf8 {[%clk 0:00:36]} 30. Kf3 {[%clk 0:01:44]} a6
{[%clk 0:00:45]} 31. Rd5 {[%clk 0:01:51]} Rxd5 {[%clk 0:00:40]} 32. Rxd5
{[%clk 0:01:58]} Re5 {[%clk 0:00:22]} 33. Rxe5 {[%clk 0:01:48]} dxe5
{[%clk 0:00:21]} 34. fxg6 {[%clk 0:01:57]} hxg6 {[%clk 0:00:29]} 35. h5
{[%clk 0:02:07]} gxh5 {[%clk 0:00:35]} 36. Nxh5 {[%clk 0:02:16]} Be7
{[%clk 0:00:41]} 37. Kg4 {[%clk 0:02:25]} Kb6 {[%clk 0:00:21]} 38. Kf5
{[%clk 0:02:30]} Ka5 {[%clk 0:00:30]} 39. Nxf6 {[%clk 0:02:38]} Bxf6
{[%clk 0:00:30]} 40. Kxf6 {[%clk 0:02:46]} Kb4 {[%clk 0:00:31]} 41. g4
{[%clk 0:02:54]} Kxb3 {[%clk 0:00:39]} 42. g5 {[%clk 0:03:03]} Kxb2
{[%clk 0:00:47]} 43. g6 {[%clk 0:03:12]} a5 {[%clk 0:00:56]} 44. g7
{[%clk 0:03:21]} a4 {[%clk 0:01:06]} 45. g8=Q {[%clk 0:03:28]} a3
{[%clk 0:01:13]} 46. Qg2+ {[%clk 0:03:37]} Kb3 {[%clk 0:01:18]} 47. Qf3+
{[%clk 0:03:40]} 1-0

[Event "Schools-U15-17Open"]
[Site "Tehran2016"]
[Date "2016.07.10"]
[Round "5.7"]
[White "Pangilinan, Stephen Rome"]
[Black "Loay, Sameer"]
[Result "1-0"]
[BlackElo "1935"]
[WhiteElo "1862"]
[LiveChessVersion "1.4.8"]

1. e4 d6 2. d4 g6 3. Nf3 Bg7 4. Nc3 Bg4 5. Bc4 Nf6 6. h3 Bxf3 7. Qxf3 O-O 8. e5
dxe5 9. dxe5 Ne8 10. Qxb7 Nd7 11. e6 Nd6 12. exf7+ Kh8 13. Qa6 Nc5 14. Qc6 Ncb7
15. Be6 Na5 16. Qf3 Nac4 17. Bf4 Ne5 18. Bxe5 Bxe5 19. O-O Kg7 20. Rad1 Qb8 21.
Nd5 c6 22. Nxe7 Qc7 23. Nxc6 Bf6 24. Nb4 Qb6 25. Nd5 Qxb2 26. Nxf6 1-0

[Event "Schools-U15-17Open"]
[Site "Tehran2016"]
[Date "2016.07.10"]
[Round "5.8"]
[White "Vakhidov, Daler"]
[Black "Gholami Orimi, Mahdi"]
[Result "1/2-1/2"]
[BlackElo "1732"]
[WhiteElo "1918"]
[LiveChessVersion "1.4.8"]

1. d4 Nf6 2. Nf3 e6 3. e3 b6 4. Bd3 Bb7 5. O-O Be7 6. b3 O-O 7. Nbd2 d6 8. Bb2
Nbd7 9. c4 c5 10. a3 Qc7 11. Rc1 Rfd8 12. Qe2 Rac8 13. Rfd1 Qb8 14. Nf1 Qa8 15.
Ng3 h6 16. Bb1 Nf8 17. Rd2 cxd4 18. exd4 d5 19. Bd3 dxc4 20. bxc4 Bd6 21. Rdc2
Bf4 22. Re1 N6d7 23. Nh5 Bxf3 24. gxf3 Qb8 25. Kh1 Bxh2 26. f4 Bxf4 27. Rg1 g6
28. Qg4 Bg5 29. f4 Nf6 30. Qh3 Nxh5 31. fxg5 Qb7+ 32. d5 exd5 33. Qf3 Qe7 34.
gxh6 dxc4 35. Be4 Re8 36. Bd5 Rcd8 37. Qxh5 Kh7 38. Qf3 f5 39. Bc6 Ne6 40. Bxe8
Rxe8 41. Rxc4 Nc5 42. Qg3 Qf7 43. Rd4 Ne4 44. Qg2 g5 45. Rxe4 Qh5+ 46. Qh2 Qf3+
47. Rg2 Qd1+ 48. Rg1 Qf3+ 49. Qg2 Qh5+ 1/2-1/2